El poder desnudo : (Registro nro. 183346)

Detalles MARC
000 -LEADER
campo de control de longitud fija 01169nam a2200301 i 4500
001 - NÚMERO DE CONTROL
campo de control 183346
003 - IDENTIFICADOR DE NÚMERO DE CONTROL
campo de control ES-MaACL
005 - FECHA Y HORA DE LA ÚLTIMA TRANSACCIÓN
campo de control 20231102132124.0
008 - DATOS DE LONGITUD FIJA--INFORMACIÓN GENERAL
campo de control de longitud fija 140327s2012 sp |||| |dspa d
020 ## - NÚMERO INTERNACIONAL ESTÁNDAR DEL LIBRO
Número Internacional Estándar del Libro 978-84-9921-322-4
080 ## - NÚMERO DE LA CLASIFICACIÓN DECIMAL UNIVERSAL
Número de la Clasificación Decimal Universal 929.52 Borbón, Casa de (460)"19"
080 ## - NÚMERO DE LA CLASIFICACIÓN DECIMAL UNIVERSAL
Número de la Clasificación Decimal Universal 94(460)"1931/39"
080 ## - NÚMERO DE LA CLASIFICACIÓN DECIMAL UNIVERSAL
Número de la Clasificación Decimal Universal 94(460)"1939/75"
080 ## - NÚMERO DE LA CLASIFICACIÓN DECIMAL UNIVERSAL
Número de la Clasificación Decimal Universal 94(460)"1975/..."
100 1# - ENTRADA PRINCIPAL--NOMBRE DE PERSONA
Nombre de persona Loperena, Josep Maria.
9 (RLIN) 154629
245 13 - MENCIÓN DEL TÍTULO
Título El poder desnudo :
Resto del título crónica de sátrapas, reyezuelos y otros redentores de la humanidad /
Mención de responsabilidad, etc. Josep Maria Loperena.
250 ## - MENCION DE EDICION
Mención de edición 1ª ed.
260 ## - PUBLICACIÓN, DISTRIBUCIÓN, ETC.
Lugar de publicación, distribución, etc. Barcelona :
Nombre del editor, distribuidor, etc. Octaedro,
Fecha de publicación, distribución, etc. 2012.
300 ## - DESCRIPCIÓN FÍSICA
Extensión 383 p. ;
Dimensiones 23 cm.
600 34 - PUNTO DE ACCESO ADICIONAL DE MATERIA--NOMBRE DE PERSONA
Nombre de persona Borbón, Casa de-
Subdivisión geográfica España-
Subdivisión cronológica S.XX.
9 (RLIN) 30354
651 #4 - PUNTO DE ACCESO ADICIONAL DE MATERIA--NOMBRE GEOGRÁFICO
Nombre geográfico España-
Subdivisión general Historia-
Subdivisión cronológica 1931-1939, II República.
9 (RLIN) 8283
651 #4 - PUNTO DE ACCESO ADICIONAL DE MATERIA--NOMBRE GEOGRÁFICO
Nombre geográfico España-
Subdivisión general Historia-
Subdivisión cronológica 1939-1975, Dictadura.
9 (RLIN) 167928
651 #4 - PUNTO DE ACCESO ADICIONAL DE MATERIA--NOMBRE GEOGRÁFICO
Nombre geográfico España-
Subdivisión general Historia-
Subdivisión cronológica 1975-2014, Juan Carlos I.
9 (RLIN) 167929
852 ## - LOCALIZACIÓN
Ubicación ES-MaACL
Número de control de estantería A-13090
itemnumber 190285
Sublocalización o colección R.149830
Ubicación en estantería Depósito 1
Signatura antigua Olim: N-6090
Donativo/Legado Donación: Josep María Loperena
Anotaciones manuscritas Dedicatoria autógrafa del autor
903 ## - NOMBRE PERSONAL DE DONANTE
9 154629
a Loperena, Josep Maria
e Donante
942 ## - ELEMENTOS DE ENTRADA SECUNDARIOS (KOHA)
Fuente del sistema de clasificación o colocación Clasificación decimal universal
Tipo de ítem Koha Libro impreso
Existencias
Estatus retirado Estado de pérdida Fuente del sistema de clasificación o colocación Estado de daño No para préstamo Colección Biblioteca de origen Biblioteca actual Ubicación en estantería Fecha de adquisición Fuente de adquisición Total de préstamos Signatura topográfica completa Código de barras Visto por última vez Precio de reemplazo Tipo de ítem Koha Nota pública
    Clasificación decimal universal     Libros con dedicatorias Biblioteca del Ateneo de Madrid Biblioteca del Ateneo de Madrid Depósito 1 27/03/2014 Donación   A-13090 1192712 23/02/2023 23/02/2023 Libro impreso Dedicatoria autógrafa del autor